000 00283 a2200121 4500
001 64345
082 _a530.11 TAY
090 _c37980
_d37980
100 _aTaylor E.F
245 _aSpace-time Physics
260 _aSan Francisco
_bW.H.Freman and Company
_c1966
300 _a208 p.
942 _aNUST-CAE
_k530.11 TAY
999 _c299418
_d299418